| 000 | 03458nam0a2200541 4500 | ||
|---|---|---|---|
| 001 | RU\NLR\BIBL_A\011343397 | ||
| 005 | 20260408073515.0 | ||
| 021 |
_aRU _b2017-3140 _9221 |
||
| 029 | 1 | 0 |
_aRU _b10303-1252-2016 _cГОСТ Р ИСО/ТС |
| 035 | _a(RuMoRGB)008771044 | ||
| 035 | _a(NLR Aleph) 011343397 | ||
| 090 |
_a11204586 _c11204586 |
||
| 100 | _a20170310d2016 k y0rusy50 ca | ||
| 101 | 0 | _arus | |
| 102 | _aRU | ||
| 105 | _ay l 000|y | ||
| 200 | 1 |
_aСистемы автоматизации производства и их интеграция _iПредставление данных об изделии и обмен этими данными _hЧасть 1252 _iПрикладной модуль _iВероятность _dIndustrial automation systems and integration. Product data representation and exchange. Part 1252. Application module. Probability _zeng _eГОСТ Р ИСО/ТС 10303-1252-2016 _fподготовлен Федеральным государственным автономным научным учреждением "Центральный научно-исследовательский и опытно-конструкторский институт робототехники и технической кибернетики " (ЦНИИ РТК) |
|
| 205 | _aИзд. офиц. | ||
| 210 |
_aМосква _cСтандартинформ _d2016 |
||
| 215 |
_aIV, 19, [1] c. _d29 |
||
| 225 | 1 |
_aНациональный стандарт Российской Федерации _fФедеральное агентство по техническому регулированию и метрологии |
|
| 239 | _aВвед. 01.01.2018 | ||
| 320 | _aБиблиогр. в конце текста (1 назв.) | ||
| 510 | 1 |
_aIndustrial automation systems and integration _zeng |
|
| 510 | 1 |
_aProduct data representation and exchange _zeng |
|
| 510 | 1 |
_aApplication module _zeng |
|
| 510 | 1 |
_aProbability _zeng |
|
| 517 | 1 | _aГОСТ Р ИСО/ТС 10303-1252-2016 | |
| 606 |
_aПромышленная продукция _jСтандарты _xТехническая информация _91501640 _3RU\NLR\AUTH\66952966 |
||
| 606 |
_aEXPRESS, язык информационного моделирования _jСтандарты _92128540 _3RU\NLR\AUTH\661588351 |
||
| 610 | 0 | _aавтоматизация производства | |
| 610 | 0 | _aсредства автоматизации | |
| 610 | 0 | _aинтеграция систем автоматизации | |
| 610 | 0 | _aпредставление данных | |
| 610 | 0 | _aприкладные модули | |
| 675 | _a656.072:681.3:006.354 | ||
| 686 |
_a25.040 _v2000 _2oks |
||
| 686 |
_a25.040.40 _2ОКС |
||
| 686 |
_a4002 _2ОКСТУ |
||
| 686 |
_aП87 _2классификатор |
||
| 686 | 1 | _aЖ609я861 | |
| 686 | 1 | _aЗ973.23-018.1я861 | |
| 712 | 0 | 2 |
_4900 _aЦентральный научно-исследовательский и опытно-конструкторский институт робототехники и технической кибернетики _cСанкт-Петербург _9519842 _3RU\NLR\AUTH\8810011076 |
| 712 | 0 | 1 |
_4725 _aРоссийская Федерация _bФедеральное агентство по техническому регулированию и метрологии _9630205 _3RU\NLR\AUTH\8810064304 |
| 942 | _cBOOK | ||
| 980 | _aNBR | ||